000
00289nam a22001217a 4500
003
OSt
005
20230916065520.0
008
230916b |||||||| |||| 00| 0 eng d
040
_c
IIMT UNIVERSITY
100
_a
KUMAR AMIT,AJAY YADAV
245
_a
PHARMACEUTICAL ANALYSIS 1
942
_2
ddc
_c
03
999
_c
57161
_d
57161